مكتبة جامعة عجلون الوطنية

فهرس بحث المكتبة

Normal view MARC view
  • احتياطات النقد الاجنبي - ادارة المخاطر المالية - الظروف الاقتصادية - مصر

Entry Topical Term

Number of records used in: 1

001 - CONTROL NUMBER

  • control field: 51994

003 - CONTROL NUMBER IDENTIFIER

  • control field: JO-AjAnu

005 - DATE AND TIME OF LATEST TRANSACTION

  • control field: 20230606082541.0

008 - FIXED-LENGTH DATA ELEMENTS

  • fixed length control field: 230606|| aca||aabn | a|a d

040 ## - CATALOGING SOURCE

  • Original cataloging agency: JO-AjAnu
  • Transcribing agency: JO-AjAnu

150 ## - HEADING--TOPICAL TERM

  • Topical term or geographic name entry element: احتياطات النقد الاجنبي - ادارة المخاطر المالية - الظروف الاقتصادية - مصر

670 ## - SOURCE DATA FOUND

  • Source citation: Work cat.: (JO-AjAnu)26573: اعداد طريح، نفين محمد ابراهيم, author 51993, الحجم الأمثل للاحتياطي الأجنبي في مصر : نموذج للتحوط من الصدمات